1228 1798 1974 1014 1088 1473 1109 1807 1044 1921 1709 1155 1546 1466 1366 1675 1678 1278 1505 1693 1438 1159 1126 1830 1771 1632 1741 1764 1064 1846 1252 1024 1993 1580 1595 1090 1439 1581 1217 1736 1160 1467 1155 1187 1460 1651 1553 1641 1978 1043 1494 1605 1385 1499 1595 1589 1603 1657 1286 1979 1877 1458 1304 1976 1321 1853 1153 1749 1643 1140 1482 1995 1785 1844 1495 1818 1451 1802 1375 1036 1798 1512 1347 1489 1508 1228 1359 1074 1874 1215 1740 1741 1309 1947 1321 1381 1873 1069 1153 BCNSPRNW ULIB Ver.6.0+V

เปลี่ยนเป็นภาษาไทย

Change to English
 แสดงรายละเอียดบรรณานุกรม
  กลับหน้าหลัก

Brief Record : Get Marc (ISO 2709) : E-mail record : QR code < ปิดหน้าต่าง
LEADER : 00000nam 2200000uu 4500
001    13399112647
003     ULIB
008    110830s2553||||th 000 0 tha d
020    9789746724814
060 04 QS4^bผ381ต
100 0  ผาสุก มหรรฆานุเคราะห์
245 00 ตำรากายวิภาคศาสตร์ทั่วไป =^bGeneral anatomy /^cเรียบเรียงโดย คณาจารย์ภาควิชากายวิภาคศาสตร์ คณะแพทยศาสตร์ มหาวิทยาลัยเชียงใหม่ ; บรรณาธิการ, ผาสุก มหรรฆานุเคราะห์
246 31 General anatomy
250    พิมพ์ครั้งที่ 1
260    เชียงใหม่ :^bภาควิชากายวิภาคศาสตร์ คณะแพทยศาสตร์ มหาวิทยาลัยเชียงใหม่,^c2553
300    [12], 501 หน้า :^bภาพประกอบ ;^c27 ซม.
650  4 กายวิภาคศาสตร์
650  4 สรีรวิทยา
710 2  มหาวิทยาลัยเชียงใหม่. ^bคณะแพทยศาสตร์.^bภาควิชากายวิภาคศาสตร์
710 2  คณาจารย์ภาควิชากายวิภาคศาสตร์ คณะแพทยศาสตร์ มหาวิทยาลัยเชียงใหม่
945    ^p290^l0^i030475
945    ^p290^l0^i030476
945    ^p290^l0^i030477
945    ^p290^l0^i033917
945    ^p290^l0^i033918
995    ทศพร
999 ^a ทศพร
รายการนี้ยังไม่มีแท็ก
คุณยังไม่ได้ล็อกอิน คุณสามารถมีกิจกรรมร่วมกับเว็บไซต์ได้ แต่ต้องล็อกอินก่อน ::
  ล็อกอิน

รายการสื่อสารสนเทศ

ลำดับที่ ประเภท เลขเรียก/บาร์โค้ด สถานที่ สถานะ
1. วิทยาศาสตร์การแพทย์ และสุขภาพ
หนังสือสำรอง
สถานะ=หนังสือสำรอง
QS4 ผ381ต ฉ.1 
  Barcode: 030475
ห้องสมุดวิทยาเขตสวรรค์ประชารักษ์
►ส่วนจัดเก็บหนังสือเก่า สปร
บนชั้น
  ขอยืม
2. วิทยาศาสตร์การแพทย์ และสุขภาพ
วิทยาศาสตร์การแพทย์ และสุขภาพ
QS4 ผ381ต ฉ.2 
  Barcode: 030476
ห้องสมุดวิทยาเขตสวรรค์ประชารักษ์
►ส่วนจัดเก็บหนังสือเก่า สปร
บนชั้น
  ขอยืม
3. วิทยาศาสตร์การแพทย์ และสุขภาพ
วิทยาศาสตร์การแพทย์ และสุขภาพ
QS4 ผ381ต ฉ.3 
  Barcode: 030477
ห้องสมุดวิทยาเขตสวรรค์ประชารักษ์
►ส่วนจัดเก็บหนังสือเก่า สปร
บนชั้น
  ขอยืม
4. วิทยาศาสตร์การแพทย์ และสุขภาพ
วิทยาศาสตร์การแพทย์ และสุขภาพ
QS4 ผ381ต ฉ.4 
  Barcode: 033917
ห้องสมุดวิทยาเขตสวรรค์ประชารักษ์
►ส่วนจัดเก็บหนังสือเก่า สปร
บนชั้น
  ขอยืม
5. วิทยาศาสตร์การแพทย์ และสุขภาพ
วิทยาศาสตร์การแพทย์ และสุขภาพ
QS4 ผ381ต ฉ.5 
  Barcode: 033918
ห้องสมุดวิทยาเขตสวรรค์ประชารักษ์
►ส่วนจัดเก็บหนังสือเก่า สปร
บนชั้น
  ขอยืม

รายการใกล้เคียง
    ผู้แต่ง [ผาสุก มหรรฆานุเคราะห์]

    หัวเรื่อง [กายวิภาคศาสตร์]
    หัวเรื่อง [สรีรวิทยา]

BibComment


ยังไม่เคยถูกคอมเมนท์

คอมเมนท์ทรัพยากรรายการนี้
  คอมเมนท์: ตำรากายวิภาคศาสตร..


 Copyright 2026. Bcnsprnw @Library